Trabajo obligatorio del condenado como mecanismo de resocialización y dignificación a partir de la constitución política de 1991 / (Registro nro. 3610)
[ vista simple ]
| 000 -LEADER | |
|---|---|
| fixed length control field | 01757nam a2200277 i 4500 |
| 005 - DATE AND TIME OF LATEST TRANSACTION | |
| control field | 20250329165427.0 |
| 007 - PHYSICAL DESCRIPTION FIXED FIELD--GENERAL INFORMATION | |
| fixed length control field | ta |
| 008 - FIXED-LENGTH DATA ELEMENTS--GENERAL INFORMATION | |
| fixed length control field | 190415s2023 000 0 eng d |
| 040 ## - CATALOGING SOURCE | |
| Original cataloging agency | CO-CtgCURN |
| Language of cataloging | spa |
| Transcribing agency | coctgcurn |
| Description conventions | rda |
| 082 0# - DEWEY DECIMAL CLASSIFICATION NUMBER | |
| Classification number | DER 2023 |
| Item number | M971 |
| 100 1# - MAIN ENTRY--PERSONAL NAME | |
| Personal name | Muñoz Zambrano, Yasmelis Maria, |
| Relator term | author. |
| Relationship | aut |
| 245 10 - TITLE STATEMENT | |
| Title | Trabajo obligatorio del condenado como mecanismo de resocialización y dignificación a partir de la constitución política de 1991 / |
| Statement of responsibility, etc. | Yasmelis Maria Muñoz Zambrano; Kaliana Patricia Montes. |
| 260 ## - PUBLICATION, DISTRIBUTION, ETC. | |
| Place of publication, distribution, etc. | Cartagena de Indias : |
| Name of publisher, distributor, etc. | Corporación Universitaria Rafael Núñez, |
| Date of publication, distribution, etc. | 2023. |
| 260 #4 - PUBLICATION, DISTRIBUTION, ETC. | |
| Date of publication, distribution, etc. | ©2023. |
| 300 ## - PHYSICAL DESCRIPTION | |
| Extent | 80 hojas. |
| 336 ## - CONTENT TYPE | |
| Content type term | text |
| Content type code | txt |
| Source | rdacontent |
| 337 ## - MEDIA TYPE | |
| Media type term | unmediated |
| Media type code | n |
| Source | rdamedia |
| 338 ## - CARRIER TYPE | |
| Carrier type term | volume |
| Carrier type code | nc |
| Source | rdacarrier |
| 504 ## - BIBLIOGRAPHY, ETC. NOTE | |
| Bibliography, etc. note | Trabajo de grado (Abogado). Corporación Universitaria Rafael Nuñez. Facultad de Ciencias Sociales y Humanas. Programa de Derecho, 2023. |
| 520 ## - SUMMARY, ETC. | |
| Summary, etc. | "Aunque el trabajo penitenciario es un tema de gran polémica también es una característica que comparte casi todo el mundo. A partir del año 1993 con la ley 65 de 1993 se expidió el Código Penitenciario y Carcelario de Colombia, el cual dentro de sus variados objetivos se centra en el cumplimiento del principio de resocialización. En el artículo 10 de la mencionada ley se explican los métodos a emplear por parte del Estado." |
| 650 14 - SUBJECT ADDED ENTRY--TOPICAL TERM | |
| Topical term or geographic name entry element | Derecho |
| Form subdivision | Tesis y disertaciones academicas. |
| 700 1# - ADDED ENTRY--PERSONAL NAME | |
| Personal name | Montes, Kaliana Patricia. |
| 856 ## - ELECTRONIC LOCATION AND ACCESS | |
| Uniform Resource Identifier | <a href="https://unicurn.sharepoint.com/:b:/s/biblioteca/EQTp50ncHe1LmrgxPJhpM_gB-296TMXRaVyp2GjdYViQ5w?e=pGLwtV">https://unicurn.sharepoint.com/:b:/s/biblioteca/EQTp50ncHe1LmrgxPJhpM_gB-296TMXRaVyp2GjdYViQ5w?e=pGLwtV</a> |
| Public note | Aqui el texto completo del recurso |
| 942 ## - ADDED ENTRY ELEMENTS (KOHA) | |
| Source of classification or shelving scheme | Dewey Decimal Classification |
| Institution code [OBSOLETE] | MHC |
| -- | MHC |
| Koha item type | Trabajos de grado |
| Classification part | DER 2023 |
| Item part | M971 |
| Withdrawn status | Lost status | Damaged status | Not for loan | Collection | Home library | Current library | Shelving location | Date acquired | Cost, normal purchase price | Inventory number | Total checkouts | Full call number | Barcode | Date last seen | Price effective from | Koha item type |
|---|---|---|---|---|---|---|---|---|---|---|---|---|---|---|---|---|
| Libros electrónicos | Miguel Henríquez Castañeda | Miguel Henríquez Castañeda | Trabajo de grado | 03/29/2025 | 250000.00 | 025012 | DER 2023 M971 | 025012 | 03/29/2025 | 03/29/2025 | Libros electrónicos |